Flintshire CC v Jones (Record no. 100398)
[ view plain ]
| 000 -LEADER | |
|---|---|
| fixed length control field | 01245cam a2200193 4500 |
| 001 - CONTROL NUMBER | |
| control field | X105446 |
| 008 - FIXED-LENGTH DATA ELEMENTS--GENERAL INFORMATION | |
| fixed length control field | 000000n2000 000 0 eng u |
| 035 ## - SYSTEM CONTROL NUMBER | |
| System control number | (Sirsi) u105446 |
| 245 ## - TITLE STATEMENT | |
| Title | Flintshire CC v Jones |
| 260 ## - PUBLICATION, DISTRIBUTION, ETC. | |
| Date of publication, distribution, etc. | 2000 |
| 490 ## - SERIES STATEMENT | |
| Series statement | Planning Appeal Decisions |
| Volume/sequential designation | 15 PAD 182-188(7) |
| 520 ## - SUMMARY, ETC. | |
| Summary, etc. | Separate alternative applications-erection of new farm dwelling-mixed sheep and local plans-outside desiginated statutory development boundary for village-Special Landscape Area-Planning Guidance(Wales)-PPG7 whether essential agricultural need for dwelling in location-character and apprearance of area-breeding flock of ewes-beef herd of 40 bought in animals-suckler cow herd of 40 calving heifers with one bull-existing farm bungalow now some distance fromlivestock buildng-needs for dwelling nearer livestock building-both sites adjacent to it-appeal site (2) less intrusive-not a precnent-conditions. Costs-refual not unreasonable although contrary to offericer recommendation-no cost (Headnote from journal article) |
| 650 ## - SUBJECT ADDED ENTRY--TOPICAL TERM | |
| Topical term or geographic name entry element | FLINTSHIRE CC V JONES |
| 650 ## - SUBJECT ADDED ENTRY--TOPICAL TERM | |
| Topical term or geographic name entry element | AGRICULTURAL BUILDINGS |
| 650 ## - SUBJECT ADDED ENTRY--TOPICAL TERM | |
| Topical term or geographic name entry element | PLANNING APPEAL |
| 650 ## - SUBJECT ADDED ENTRY--TOPICAL TERM | |
| Topical term or geographic name entry element | COSTS |
| 690 ## - LOCAL SUBJECT ADDED ENTRY--TOPICAL TERM (OCLC, RLIN) | |
| Topical term or geographic name as entry element | ENVIRONMENTAL AND LAND CONSULTANCY-PLANNING AND DEVELOPMENT |
| 942 ## - ADDED ENTRY ELEMENTS (KOHA) | |
| Suppress in OPAC | 0 |
| Withdrawn status | Lost status | Source of classification or shelving scheme | Damaged status | Not for loan | Home library | Current library | Shelving location | Date acquired | Total Checkouts | Full call number | Barcode | Date last seen | Copy number | Price effective from | Koha item type |
|---|---|---|---|---|---|---|---|---|---|---|---|---|---|---|---|
| Dewey Decimal Classification | London | London | Journal article | 19/04/2000 | X105446 | 105446-1001 | 06/08/2019 | 1 | 06/08/2019 | Law report |